00357nam a2200121 a 4500001000400000003000500004005001700009008004100026040002000067100003600087245009200123260002000215915CDMR20130116135159.0130130s1973||||||||||||||||||||||||||||d aCDMRbcatcCDMR1 aSánchez De La Fuente, Ángel13aEl desastre cubano de 1898 en la prensa diaria de BarcelonacAngel Sanchez de la Fuente aBarcelonac1973